Idalia's project ABC = Proyecto ABC : an urban alphabet book in English and Spanish /
Introduces the alphabet by means of brief bilingual descriptions of city life.
| Main Author: | |
|---|---|
| Format: | Book |
| Language: | English Spanish |
| Published: |
New York :
Holt, Rinehart, and Winston,
[1981]
|
| Subjects: |
MARC
| Tag | First Indicator | Second Indicator | Subfields |
|---|---|---|---|
| LEADER | 00000pam a2200000 a 4500 | ||
| 001 | in00000099112 | ||
| 005 | 20150924155903.0 | ||
| 008 | 800811s1981 nyua j 00010 engm | ||
| 010 | |a 80021013 | ||
| 020 | |a 0030441412 | ||
| 035 | |a (OCoLC)06666709 | ||
| 035 | |9 AAK9979AM | ||
| 040 | |a DLC |c DLC |d m.c. |d TXA |d UtOrBLW | ||
| 041 | 0 | |a eng |a spa | |
| 043 | |a n-us-ny | ||
| 049 | |a [Curr Col] TXAM |c [1633599] | ||
| 050 | 0 | 0 | |a PC4115 |b R69 |
| 082 | 0 | |a 468.6/421 |2 19 | |
| 100 | 1 | |a Rosario, Idalia. | |
| 240 | 1 | 0 | |a Project ABC |
| 245 | 1 | 0 | |a Idalia's project ABC = |b Proyecto ABC : an urban alphabet book in English and Spanish / |c by Idalia Rosario. |
| 246 | 3 | 1 | |a Proyecto ABC |
| 264 | 1 | |a New York : |b Holt, Rinehart, and Winston, |c [1981] | |
| 264 | 4 | |c ©1981 | |
| 300 | |a 32 unnumbered pages : |b color illustrations ; |c 24 cm. | ||
| 336 | |a text |b txt |2 rdacontent | ||
| 337 | |a unmediated |b n |2 rdamedia | ||
| 338 | |a volume |b nc |2 rdacarrier | ||
| 500 | |a English and Spanish. | ||
| 520 | |a Introduces the alphabet by means of brief bilingual descriptions of city life. | ||
| 650 | 0 | |a Spanish language |x Readers |z New York (State) |z New York. | |
| 650 | 0 | |a City and town life |z New York (State) |z New York |x Juvenile literature. | |
| 650 | 1 | |a Spanish language |x Alphabet. | |
| 650 | 1 | |a Spanish language |x Readers. | |
| 650 | 1 | |a City and town life. | |
| 650 | 1 | |a Alphabet. | |
| 740 | 0 | |a Proyecto ABC. | |
| 999 | |a MARS | ||
| 999 | f | f | |s 8380bd31-fc28-3160-a0c1-b67110e79c2a |i fc31beec-057e-3894-a132-d9d2c6259b1f |t 0 |
| 952 | f | f | |p ric |a Texas A&M University |b Rellis Campus |c Joint Library Facility |s JLF |d Remote Storage |t 0 |e PC4115 .R69 |h Library of Congress classification |i unmediated -- volume |m A14806027578 |
| 998 | f | f | |a PC4115 .R69 |t 0 |l Remote Storage |